000 03100nam a2200325 a 4500
003 OSt
005 20250616125542.0
007 cr ||||||a|a|a
008 250616s2025 mx a|||fom||| 001 0 spa d
040 _erda
100 1 _aNegrete Zamora, Erasmo Guadalupe
_9190463
245 1 0 _aPrimer registro de la presencia del hongo Hesperomices virescens (Thaxter) en Hippodamia convergens (Guérin-Méneville) (Coleoptera: Coccinellidae) en México/
_cpor Erasmo Guadalupe Negrete Zamora; director de tesis Candelario Santillán Ortega; secretario Luis Othon Espinosa Carrillo; vocal Artemio Rosas Meza; suplente José Isabel López Arroyo; suplente Santos Gerardo Leyva Mir.
264 1 _aChapingo, México :
_bEl autor,
_c2024.
300 _a1 recurso en línea (55 páginas):
_bcuadros, figuras.
336 _2rdacontent
_atexto
_btxt
337 _2rdamedia
_acomputadora
_bc
338 _2rdacarrier
_arecurso en línea
_bcr
502 _bIAEPA
_cParasitología
_d2024.
_gLIC
504 _aIncluye referencias bibliográficas: páginas 48-55.
520 _aEn el periodo de febrero a mayo de 2022, se recolectaron ejemplares de diferentes especies de la familia Coccinelidae en las zonas productoras de cítricos y cereales de los municipios de General Terán y Montemorelos, N.L. así como en Altamira, Tamaulipas. Se encontró la presencia del hongo Hesperomyces virescens (Thaxter) en Hippodamia convergens (Guérin-Méneville), la cual se registró habitando diversas malezas dentro de huertos de naranja C. × sinensis (L.) exclusivamente en los municipios de N.L. Los ejemplares presentaron infección y crecimiento de talos maduros del hongo en las partes distales de los élitros o los esternitos del abdomen, lo cual dependía del individuo, pero nunca en ambas partes del cuerpo. También se encontró infección de mismo hongo sobre Cycloneda sanguinea (L.) y Harmonia axyridis (Pallas), especies que en estudios anteriores fueron descritas como huéspedes de H. virescens en la región. La especie objetivo de este estudio, H. convergens, presentó un porcentaje de infección del 0.291 % del número total de individuos (n= 585). Ejemplares de otras especies recolectadas y algunos de H. convergens con posibles síntomas de la infección presentaron sanidad en un periodo de observación en laboratorio de dos meses. El presente estudio representa el primer registro en México de la presencia del hongo entomatógeno Hesperomyces virescens sobre el huésped Hippodamia convergens.
650 4 _aHesperomyces virescens
_xIdentificación
_9190667
650 4 _aHongos entomopatógenos
_xIdentificación
_9188826
700 0 _aSantillán Ortega, Candelario
_edirector de tesis
_9102429
700 1 _aEspinosa Carrillo, Luis Othón
_937903
_esecretario.
700 1 _aRosas Meza, Artemio
_9100031
_evocal.
700 1 _aLópez Arroyo, José Isabel
_967676
_esuplente.
700 1 _aLeyva Mir, Santos Gerardo
_esuplente.
_966581
856 _uhttp://10.13.5.2/tesis/tl/1511790-8_NEGRETE_ZAMORA_ERASMOGUADALUPE.pdf
_zDESCARGAR PDF
942 _2Clasificación Universidad Autónoma Chapingo
_cTD
999 _c220621
_d220621